|
|
|
|
| LEADER |
00000cam a2200000 4500 |
| 001 |
vtls012248040 |
| 003 |
SK-MaSNL |
| 005 |
20260302045826.0 |
| 007 |
co bg auuua |
| 008 |
240116s2018 xo | fq 100 0 slo |
| 020 |
|
|
|a 9788022545327
|q (elektronická kniha)
|
| 040 |
|
|
|a SNK
|b slo
|c SNK
|e rda
|
| 041 |
0 |
|
|a slo
|a cze
|b eng
|
| 044 |
|
|
|a xo
|c SK
|
| 072 |
|
7 |
|a 34
|x Právo
|2 konspekt
|
| 080 |
|
|
|a 347.948-055.1
|2 2011
|
| 080 |
|
|
|a 343.148
|2 2011
|
| 080 |
|
|
|a 347.948:3.073.534
|2 2011
|
| 080 |
|
|
|a 347.948
|2 2011
|
| 080 |
|
|
|a 330.4
|2 2011
|
| 080 |
|
|
|a (062.534)
|2 2011
|
| 080 |
|
|
|a (0.034.44)
|2 2011
|
| 111 |
2 |
|
|a Aktuálne problémy znaleckého dokazovania
|n (12. :
|d 2018 :
|c Žilina, Slovensko)
|4 aut
|9 703451
|
| 245 |
1 |
0 |
|a Aktuálne problémy znaleckého dokazovania II
|b 12. medzinárodný vedecký seminár : zborník vedeckých statí, Bratislava 13.9.2018
|c redakčné a zostavovateľské práce: Marián Židó, Ingrid Sieglová
|
| 250 |
|
|
|a Vydanie prvé
|
| 264 |
|
1 |
|a Bratislava
|b Ekonomická univerzita v Bratislave
|c 2018
|
| 300 |
|
|
|a 1 CD-ROM
|c 12 cm
|
| 336 |
|
|
|a text
|b txt
|2 rdacontent
|
| 337 |
|
|
|a počítač
|b c
|2 rdamedia
|
| 338 |
|
|
|a počítačový disk
|b cd
|2 rdacarrier
|
| 347 |
|
|
|a textový súbor
|b PDF
|2 rda
|
| 366 |
|
|
|e 100 kusov
|
| 500 |
|
|
|a Názov z titulnej obrazovky
|
| 500 |
|
|
|a Nad názvom: Ekonomická univerzita v Bratislave, Žilinská univerzita v Žiline
|
| 504 |
|
|
|a Obsahuje bibliografické odkazy
|
| 546 |
|
|
|a Súbežné názvy príspevkov v angličtine, čiastočný text v češtine, abstrakty v angličtine
|
| 650 |
0 |
7 |
|a súdni znalci
|2 SNKPH
|9 23925
|
| 650 |
0 |
7 |
|a znalecké posudky
|2 SNKPH
|9 3654
|
| 650 |
0 |
7 |
|a znalecká činnosť
|2 SNKPH
|9 70117
|
| 650 |
0 |
7 |
|a ekonomická analýza
|2 SNKPH
|9 76011
|
| 650 |
0 |
7 |
|a Expert witnesses
|2 SNKPHeng
|9 335816
|
| 650 |
0 |
7 |
|a Expert evidence
|2 SNKPHeng
|9 335817
|
| 655 |
|
7 |
|a Expert witness work
|2 SNKPHeng
|9 363956
|
| 655 |
|
7 |
|a CD-ROM
|2 SNKPH
|9 70236
|
| 655 |
|
7 |
|a zborníky konferencií
|2 SNKPH
|9 70153
|
| 655 |
|
7 |
|a Economic analysis
|2 SNKPHeng
|9 363957
|
| 655 |
|
7 |
|a Proceedings of conferences
|2 SNKPHeng
|9 265791
|
| 700 |
1 |
|
|a Židó, Marián
|4 red
|4 com
|
| 700 |
1 |
|
|a Sieglová, Ingrid
|4 red
|4 com
|9 703452
|
| 852 |
|
|
|a Slovenská národná knižnica
|
| 919 |
|
|
|a 978-80-554-1584-0
|
| 958 |
|
|
|a NB
|
| 999 |
|
|
|c 1094921
|d 1096851
|
| 952 |
|
|
|t 1
|a SNK
|b SNK
|c SNK_KF
|y PREZ
|7 8
|p 17A1541092
|o snkSCDM 13042
|i snk2024/922
|8 0
|0 0
|1 0
|4 0
|d 2024-01-16
|l 0
|r 2026-02-24 17:10:39
|w 2026-02-24
|
| 952 |
|
|
|t snkAKT 343.148
|a SNKMST
|b SNKMST
|y PREZ
|7 0
|p 17A1541091
|o snkSCDM 13042 D1
|i snk2024/923
|8 0
|0 0
|1 0
|4 0
|d 2024-01-16
|l 0
|r 2025-08-13 00:00:00
|w 2026-02-24
|